000 03025cab a2200301 ab4500
005 20230524105254.0
008 991125c2013 sp qr p o 000 0 spa d
035 _aUPN01000212510
040 _aMX-MxUPN
_bspa
_cMX-MxUPN
_eaacr2
049 _aART-E
100 1 _aQuesada Serra, Victoria
100 1 _uvictoria.quesada@uca.es
100 1 _aRodríguez Gómez, Gregorio
100 1 _aIbarra Sáiz, María Soledad
245 0 0 _aActEval
_b: un instrumento para el análisis y reflexión sobre la actividad evaluadora del profesorado universitario
_h[recurso electrónico en línea]
506 0 _aAcceso abierto
520 3 _aEn este trabajo se presentan los resultados del proceso de construcción y validación aparente y de contenido del instrumento ActEval (Autoinforme sobre la actividad evaluadora del profesorado universitario), enmarcado en un estudio con el cual se pretendían los siguientes objetivos: determinar las principales tareas o actuaciones que deben realizar los profesores universitarios en cuanto a la evaluación en la universidad; y crear y validar un instrumento de recogida de información que permita determinar la percepción de dichos profesores sobre su actividad evaluadora. El método de investigación ha sido el de encuesta mediante cuestionarios. En la ejecución del mismo se han seguido tres fases. Primero se llevó a cabo un estudio piloto en el que se partió de una revisión bibliográfica sobre las principales actuaciones que los profesores universitarios pueden desarrollar, respecto a la evaluación del aprendizaje en la Educación Superior. En una segunda fase se validó el autoinforme mediante jueces, tras la cual se procedió a un rediseño de la primera versión. En la tercera fase se llevó a cabo un segundo estudio piloto que nos permitió el diseño final del autoinforme ActEval. En la validación mediante jueces se han obtenido altos niveles de valoración sobre la validez, la claridad y la relevancia de cada uno de los ítems que constituyen el autoinforme ActEval. Asimismo, las pruebas piloto realizadas han permitido confirmar la comprensibilidad de los ítems y la facilidad y rapidez de su aplicación. El autoinforme ActEval que se presenta puede ser de gran utilidad para que los profesores universitarios analicen y reflexionen sobre su función evaluadora, así como para que los responsables universitarios detecten las necesidades y puedan planificar y diseñar actividades formativas que redunden en la mejora de la evaluación puesta en práctica por el profesorado. Revista de educación.
653 0 _aEvaluación de maestros
653 0 _aCompetencias docentes
653 0 _aValidación
653 0 _aAutoevaluación
653 0 _aEvaluación
773 _gNo. 362 (2013), p. 69-104
_tRevista de educación
_x1988-592X
856 4 _uhttp://www.mecd.gob.es/dctm/revista-de-educacion/articulosre362/re36203.pdf?documentId=0901e72b816fb99f
902 _aLeonor Sotres
_bLeonor Sotres/240523
905 _aArticulo
942 _cART-E
999 _c184610
_d184610